|
|
|
|
| LEADER |
00707cam a2200217 7i4500 |
| 001 |
0000001174 |
| 005 |
20140629090000.0 |
| 020 |
0 |
0 |
|a 0226066207
|
| 020 |
0 |
0 |
|a 9780226066202
|
| 090 |
0 |
0 |
|a GC 1000
|b .O2 2003
|
| 245 |
0 |
0 |
|a Ocean yearbook 17
|c edited by Elisabeth Mann Borgese, Aldo Chircop and Moira L. McConnell.
|
| 246 |
0 |
0 |
|a Ocean yearbook seventeen.
|
| 260 |
0 |
0 |
|a Chicago:
|b University of Chicago Press,
|c 2003.
|
| 300 |
|
|
|a 950 p.;
|c 23 cm..
|
| 590 |
|
|
|a Pusat Pengajian Kejuruteraan Kelautan
|
| 650 |
0 |
0 |
|a Law of the sea
|
| 650 |
0 |
0 |
|a Maritime law
|
| 700 |
1 |
1 |
|a Chircop, Aldo E.
|
| 700 |
1 |
1 |
|a McConnell, Moira L.
|
| 700 |
1 |
1 |
|a Borgese, Elisabeth Mann
|
| 999 |
|
|
|a 1100030093
|b Book
|c Rujukan
|e KOLEKSI RUJUKAN
|